[Event "IECC CL5-2001.15"]
[Site "IECC email"]
[Date "2001.05.28"]
[Round "?"]
[White "Jasinski, Jim"]
[Black "Le Toulouse, Pascal"]
[Result "1/2-1/2"]
[WhiteElo "1615"]
[BlackElo "1605"]
[PlyCount "61"]
[EventDate "2001.??.??"]
[EventType "tourn (corr)"]
[EventRounds "4"]
[SourceTitle "Corr 2008"]
[Source "ChessBase"]
[SourceDate "2008.06.24"]
[SourceVersion "1"]
[SourceVersionDate "2008.06.24"]
[SourceQuality "1"]

1. d4 g6 2. e4 Bg7 3. Nf3 d6 4. c4 Nf6 5. Nc3 0-0 6. Bd3 Bg4 7. 0-0 Nc6 8. Be2 Bxf3 9. Bxf3 Nd7 10. d5 Nce5 11. Be2 Nb6 12. Qb3 e6 13. a4 exd5 14. cxd5 Ned7 15. Be3 Re8 16. a5 Nc8 17. f3 Ne7 18. Rfd1 Qb8 19. a6 b6 20. Bb5 Nc5 21. Qc4 Rd8 22. Bg5 f6 23. Bh4 g5 24. Bg3 f5 25. Bc6 Nxc6 26. dxc6+ Kh8 27. b4 f4 28. Be1 b5 29. Nxb5 Ne6 30. Ra2 Be5 31. Qxe6 1/2-1/2

[Event "IECC M email"]
[Site "IECC email"]
[Date "2001.01.06"]
[Round "?"]
[White "Fantoni, Franco"]
[Black "Le Toulouse, Pascal"]
[Result "0-1"]
[WhiteElo "1659"]
[BlackElo "1500"]
[PlyCount "66"]
[EventDate "2001.??.??"]
[EventType "tourn (corr)"]
[EventRounds "6"]
[SourceTitle "Corr 2008"]
[Source "ChessBase"]
[SourceDate "2008.06.24"]
[SourceVersion "1"]
[SourceVersionDate "2008.06.24"]
[SourceQuality "1"]

1. e4 e6 2. d4 d5 3. Nc3 dxe4 4. Nxe4 Nd7 5. Nf3 Ngf6 6. Bd3 c5 7. 0-0 Nxe4 8. Bxe4 Nf6 9. Bg5 cxd4 10. Re1 Bc5 11. c3 Be7 12. Bxf6 Bxf6 13. cxd4 Bd7 14. Qb3 Rb8 15. Rac1 0-0 16. Qd3 g6 17. Ne5 Bxe5 18. dxe5 Bc6 19. Qc3 Bxe4 20. Rxe4 Rc8 21. Rc4 Rxc4 22. Qxc4 Qd2 23. Qc2 Rd8 24. g3 Rd5 25. Qc8+ Kg7 26. Rb1 Rb5 27. Qb8 Qc2 28. Rf1 Qxb2 29. Qxa7 Rxe5 30. Qa8 Re2 31. a4 Qb4 32. Qb8 Qe4 33. Qe8 Rd2 0-1

[Event "IECC M email"]
[Site "IECC email"]
[Date "2001.01.06"]
[Round "?"]
[White "Le Toulouse, Pascal"]
[Black "Fantoni, Franco"]
[Result "1-0"]
[WhiteElo "1554"]
[BlackElo "1686"]
[PlyCount "83"]
[EventDate "2001.??.??"]
[EventType "tourn (corr)"]
[EventRounds "6"]
[SourceTitle "Corr 2008"]
[Source "ChessBase"]
[SourceDate "2008.06.24"]
[SourceVersion "1"]
[SourceVersionDate "2008.06.24"]
[SourceQuality "1"]

1. e4 e5 2. Nc3 Nc6 3. Bc4 Nf6 4. d3 Bb4 5. Bg5 Na5 6. Nge2 Nxc4 7. dxc4 h6 8. Bh4 0-0 9. 0-0 Be7 10. Qd3 d6 11. Rad1 a5 12. h3 Re8 13. Bg3 Bd7 14. f4 exf4 15. Bxf4 Bc6 16. Nd4 Nd7 17. Nxc6 bxc6 18. e5 Rb8 19. exd6 cxd6 20. Bxd6 Rxb2 21. Na4 Rb7 22. Qf3 Bf6 23. Qxc6 Qc8 24. Qxc8 Rxc8 25. c5 Be5 26. Bxe5 Nxe5 27. Rf4 g5 28. Re4 Re7 29. Rd6 f5 30. Re2 Kg7 31. Ra6 Rce8 32. Nc3 g4 33. Rxa5 gxh3 34. gxh3 f4 35. Rg2+ Kh7 36. Nd5 Rf7 37. Ra6 f3 38. Rf2 Rc8 39. Re6 Rf5 40. Nf6+ Kg7 41. Ne8+ Kh7 42. Re7+ 1-0

[Event "IECG C1.2000.0.00318"]
[Site "IECG email"]
[Date "2000.11.14"]
[Round "?"]
[White "Le Toulouse, Pascal"]
[Black "Bonoldi, Fabio"]
[Result "0-1"]
[WhiteElo "1850"]
[BlackElo "1859"]
[PlyCount "74"]
[EventDate "2000.11.14"]
[EventType "tourn (corr)"]
[EventRounds "6"]
[SourceTitle "Corr 2008"]
[Source "ChessBase"]
[SourceDate "2008.06.24"]
[SourceVersion "1"]
[SourceVersionDate "2008.06.24"]
[SourceQuality "1"]

1. d4 Nf6 2. c4 g6 3. Nc3 d5 4. cxd5 Nxd5 5. e4 Nxc3 6. bxc3 Bg7 7. Bb5+ c6 8. Ba4 0-0 9. Ne2 c5 10. 0-0 cxd4 11. cxd4 b6 12. Rb1 Bb7 13. Qd3 Nc6 14. Bxc6 Bxc6 15. d5 e6 16. Ba3 Re8 17. Rbc1 Rc8 18. d6 e5 19. Rfd1 Qd7 20. Qe3 Bb7 21. f3 Rxc1 22. Rxc1 Bc6 23. Ng3 Rb8 24. Rc3 b5 25. Bc5 a5 26. Rd3 b4 27. Rd1 a4 28. Rd3 Rb5 29. Qf2 Qe6 30. Be3 Qc4 31. Rd1 Bd7 32. Rc1 Qd3 33. Qd2 Qxd2 34. Bxd2 b3 35. axb3 axb3 36. Bc3 Bf8 37. Kf1 Bxd6 0-1